<?xml version="1.0" encoding="UTF-8"?>
<record
    xmlns:xsi="http://www.w3.org/2001/XMLSchema-instance"
    xsi:schemaLocation="http://www.loc.gov/MARC21/slim http://www.loc.gov/standards/marcxml/schema/MARC21slim.xsd"
    xmlns="http://www.loc.gov/MARC21/slim">

  <leader>02592nam a22002417a 4500</leader>
  <controlfield tag="003">BJBSDDR</controlfield>
  <controlfield tag="005">20260513171537.0</controlfield>
  <controlfield tag="006">a|||||r|||| 00| 0 </controlfield>
  <controlfield tag="007">ta</controlfield>
  <controlfield tag="008">260513s20241999nyu|||||r|||| 00| 0 eng d</controlfield>
  <datafield tag="020" ind1=" " ind2=" ">
    <subfield code="a">9781324066231</subfield>
  </datafield>
  <datafield tag="040" ind1=" " ind2=" ">
    <subfield code="b">spa</subfield>
    <subfield code="c">BJBSDDR</subfield>
  </datafield>
  <datafield tag="041" ind1=" " ind2=" ">
    <subfield code="a">eng</subfield>
  </datafield>
  <datafield tag="050" ind1=" " ind2=" ">
    <subfield code="b">G799e 2024</subfield>
  </datafield>
  <datafield tag="100" ind1="1" ind2=" ">
    <subfield code="a">Greene, Brian Randolph, </subfield>
    <subfield code="d">1963- </subfield>
    <subfield code="9">29350</subfield>
  </datafield>
  <datafield tag="245" ind1="1" ind2="4">
    <subfield code="a">The elegant universe : </subfield>
    <subfield code="b">superstrings, hidden dimensions, and the quest for the ultimate theory /</subfield>
    <subfield code="c">Brian Greene.</subfield>
  </datafield>
  <datafield tag="260" ind1=" " ind2=" ">
    <subfield code="a">New York :</subfield>
    <subfield code="b">W.W. Norton &amp; Company, </subfield>
    <subfield code="c">2024</subfield>
  </datafield>
  <datafield tag="300" ind1=" " ind2=" ">
    <subfield code="a">xvi, 480 pages :</subfield>
    <subfield code="b">illustrations ; </subfield>
    <subfield code="c">21 cm</subfield>
  </datafield>
  <datafield tag="505" ind1=" " ind2=" ">
    <subfield code="a">Contenidos :The Edge of Knowledge
Tied Up with String
Part II &#x2014; The Dilemma of Space, Time, and the Quanta
Space, Time, and the Eye of the Beholder
Of Warps and Ripples
Microscopic Weirdness
The Need for a New Theory: General Relativity vs. Quantum Mechanics
Part III &#x2014; The Cosmic Symphony
Nothing but Music: The Essentials of Superstring Theory
The &#x201C;Super&#x201D; in Superstrings
More Dimensions Than Meet the Eye
Part IV &#x2014; String Theory and the Fabric of Spacetime
The Smoking Gun: Experimental Signatures
Quantum Geometry
Tearing the Fabric of Space
Beyond Strings: In Search of M-Theory. Part V- Unification in the Twenty-First Century
Additional Sections
Preface to the 25th Anniversary Edition
Epilogue
Notes
Glossary
Index</subfield>
  </datafield>
  <datafield tag="520" ind1=" " ind2=" ">
    <subfield code="a">A new edition of the iconic bestseller that introduced legions to modern physics and the quest for the ultimate understanding of the cosmos, featuring a new preface and epilogue. With a rare blend of scientific insight and writing as graceful as the theories it so deftly explains, The Elegant Universe remains the unrivaled account of the modern search for the deepest laws of nature: "a standard that will be hard to beat" (George Johnson, New York Times Book Review). In this new 25th anniversary edition, renowned physicist and author Brian Greene--"the single best explainer of abstruse concepts in the world today" (Washington Post)--updates his classic work with a new preface and epilogue summarizing the significant theoretical and experimental developments over the past quarter-century. From established science, including relativity and quantum mechanics, to the cutting edge of thinking on black holes, string theory, and quantum gravity, The Elegant Universe makes some of the most sophisticated concepts ever contemplated thoroughly accessible and entertaining, bringing us closer than ever to comprehending how the universe works.</subfield>
  </datafield>
  <datafield tag="942" ind1=" " ind2=" ">
    <subfield code="2">lcc</subfield>
    <subfield code="n">0</subfield>
    <subfield code="c">BK</subfield>
  </datafield>
  <datafield tag="946" ind1=" " ind2=" ">
    <subfield code="i">llh</subfield>
  </datafield>
  <datafield tag="999" ind1=" " ind2=" ">
    <subfield code="c">127082</subfield>
    <subfield code="d">127082</subfield>
  </datafield>
  <datafield tag="952" ind1=" " ind2=" ">
    <subfield code="0">0</subfield>
    <subfield code="1">0</subfield>
    <subfield code="2">lcc</subfield>
    <subfield code="4">0</subfield>
    <subfield code="7">0</subfield>
    <subfield code="8">APT</subfield>
    <subfield code="a">BJB</subfield>
    <subfield code="b">BJB</subfield>
    <subfield code="c">APT</subfield>
    <subfield code="d">2026-05-13</subfield>
    <subfield code="l">0</subfield>
    <subfield code="o">G799e 2024</subfield>
    <subfield code="p">00000200097</subfield>
    <subfield code="r">2026-05-13 17:15:54</subfield>
    <subfield code="t">1</subfield>
    <subfield code="w">2026-05-13</subfield>
    <subfield code="y">BK</subfield>
  </datafield>
</record>
